000 00315nam a2200121Ia 4500
008 180117s9999 xx 000 0 und d
100 _aby Eunice Moral
245 _aBeing a Bookstagrammer
260 _c2017
300 _a16-18 pages, 2017 November 12
440 _aPhilippine Panorama
650 _aBOOKSTAGRAMMER
999 _c353298
_d353298